LEADER 00582naa a2200145 i 4500 001 000000324143 003 CaOOAMICUS 005 20180831173438.0 008 180831n it u000 u ita u 013 $a34935 040 $aSeMil$bita 245 10$aLibro sacro e rivelazione nell'Islam. 650 4$aIslamismo - Studi.$0(OLS)http://semarc/subject/12007 773 0 $tLibri sacri e rivelazione.$dBrescia : La Scuola, copyr. 1975.$kPubblicazioni della Facoltà teologica dell'Italia settentrionale$gp.23-34$w()66344 996 $6245$aLibro sacro e rivelazione nell'Islam$9(OLS)http://semarc/title/397490 LEADER 00822nam a2200229 i 4500 001 000000082490 003 CaOOAMICUS 005 20030922000000.0 008 030922s1985 fr u000 u mul u 013 $a54730 020 $a2-204-02413-9 040 $aSeMil$bita 245 10$aLivres 1. et 2. 300 $a356 p. 490 0 $aSources Chrétiennes ;$vN°320 773 0 $tConstitutions Apostoliques.$dParis : Les Éditions du Cerf, 1985-1987.$gTome1$w()9953 830 0$aSources chrétiennes ;$vN°320.$0(OLS)http://semarc/title/72 850 $aSeMil 852 $aSeMil$W1$xVenegono$y1$mSL1.T VI 320$j47452$B47452$CSeMilBibl$Z2$F50089 $8I 961 $aSottoscrizione: Cerf (Éditions) 996 $6020$a2-204-02413-9$9(OLS)http://semarc/number/63354 996 $6245$aLivres 1. et 2$9(OLS)http://semarc/title/79066